| 000 -LEADER |
| fixed length control field |
00894cam a2200265 a 4500 |
| 020 ## - INTERNATIONAL STANDARD BOOK NUMBER |
| ISBN |
9788785180056 |
| 020 ## - INTERNATIONAL STANDARD BOOK NUMBER |
| ISBN |
878518005X |
| 040 ## - CATALOGING SOURCE |
| Transcribing agency |
BTCTA |
| 082 ## - DEWEY DECIMAL CLASSIFICATION NUMBER |
| Classification number |
333 SOC 2010 A073 Or. |
| 100 1# - MAIN ENTRY--AUTHOR NAME |
| Personal name |
Crumlin-Pedersen, Ole |
| 245 10 - TITLE STATEMENT |
| Title |
Archaeology and the sea in Scandinavia and Britain : |
| Remainder of title |
a personal account / |
| 260 ## - PUBLICATION, DISTRIBUTION, ETC. (IMPRINT) |
| Place of publication |
Roskilde : |
| Name of publisher |
Viking Ship Museum ; |
| Place of publication |
[Edinburgh] : |
| Name of publisher |
Society of Antiquaries of Scotland, |
| Year of publication |
2010 |
| 300 ## - PHYSICAL DESCRIPTION |
| Number of Pages |
184 p. : |
| Other physical details |
ill. (chiefly col.), maps (chiefly col.) ; |
| Dimensions |
28 cm |
| 490 1# - SERIES STATEMENT |
| Series statement |
Maritime culture of the North ; |
| 490 1# - SERIES STATEMENT |
| Series statement |
Rhind lectures ; |
| 650 #0 - SUBJECT ADDED ENTRY--TOPICAL TERM |
| Topical Term |
Underwater archaeology |
| 650 #0 - SUBJECT ADDED ENTRY--TOPICAL TERM |
| Topical Term |
Underwater archaeology |
| 650 #0 - SUBJECT ADDED ENTRY--TOPICAL TERM |
| Topical Term |
Ships, Ancient |
| 650 #0 - SUBJECT ADDED ENTRY--TOPICAL TERM |
| Topical Term |
Ships, Ancient |
| 650 #0 - SUBJECT ADDED ENTRY--TOPICAL TERM |
| Topical Term |
Ships, Medieval |
| 650 #0 - SUBJECT ADDED ENTRY--TOPICAL TERM |
| Topical Term |
Ships, Medieval |
| 710 2# - ADDED ENTRY--CORPORATE NAME |
| Corporate name or jurisdiction name as entry element |
Vikingeskibshallen (Roskilde, Denmark) |
| 710 2# - ADDED ENTRY--CORPORATE NAME |
| Corporate name or jurisdiction name as entry element |
Society of Antiquaries of Scotland |
| 942 ## - ADDED ENTRY ELEMENTS (KOHA) |
| Koha item type |
សៀវភៅភាសាអង់គ្លេស |
| 952 ## - LOCATION AND ITEM INFORMATION (KOHA) |
| Withdrawn status [LOCAL, KOHA] |
0 |